English Vs American Language - Statistics

General Stats
  • This quiz has been taken 231 times
  • The average score is 33 of 60
Answer Stats
Answer % Correct
Soccer
89%
Sweet
85%
Biscuit
84%
Center
84%
Fall
84%
Math
84%
Vacation
84%
Color
83%
Pants
83%
Meter
81%
College
79%
Bin
75%
Canceled
75%
Apologise
74%
Sofa
74%
Theatre
73%
Truck
73%
Armour
72%
Fulfill
71%
Idolise
71%
Petrol
71%
Traveller
70%
Eraser
69%
Enrol
68%
Paralyze
68%
Diaper
67%
Fetus
67%
Subway
66%
Catalogue
65%
Flashlight
65%
Sweater
65%
Luggage
64%
Trunk
62%
Ground Floor
59%
Pavement
58%
Post
56%
Rubber
55%
Hood
53%
Cart
52%
Trainer
52%
Garden
51%
Motorway
45%
Check
43%
Faucet
43%
Encyclopaedia
36%
Dummy
34%
Railway
32%
Chemist
29%
Drape
29%
Attorney
28%
Draughts
25%
Crib
22%
Sellotape
20%
State School
20%
Pushchair
14%
Aeriel
13%
Diner
13%
Thumbtack
11%
Paraffin
6%
Dynamo
2%
No matching quizzes found
Score Distribution
Percent of People with Each Score
Percentile by Number Answered
Your Score History
You have not taken this quiz